All Wrestlemania 39 matches - Statistics

General Stats
  • This quiz has been taken 260 times
  • The average score is 7 of 13
Answer Stats
Matche stipulations Wrestler % Correct
Singles Match (SD Women's Title) Charlottes Flair vs Rhea Ripley
84%
Singles Match (Undisputed WWE Universal Championship) Cody Rhodes vs Roman Reigns
84%
Hell in a Cell Edge vs The Demon Finn Balor
72%
Singles Match (US Title Match) John Cena vs Auston Theory
71%
Tag Team Match (Undisputed Tag Team Championship) Kevin Owens, Sami Zayn vs The Usos
69%
Singles Match (Intercontinental Championship) Gunther vs sheamus vs Drew Mcintyre
65%
Singles Match (Raw Women's Championship) Bianca Belair vs Asuka
62%
Singles Match Omos vs brock Lesnar
51%
Singles Match Seth Rollins vs Logan Paul
46%
Singles Match Rey Mysterio vs Dominik Mysterio
38%
6 Women Tag Team Match Becky Lynch, Lita, Trish Stratus vs Damage Control
27%
8 Man Tag Team Match Street Profits vs Alpha Academy vs Viking Raiders vs Braun Strowman, Ricochet
26%
8 Women's Tag Team Match Liv Morgan, Raquel Rodriguez vs Natalya, Shotzi vs Rondy Rousey, Shayna Bazler vs Chelsea Green, Sonya Deville
8%
No matching quizzes found
Score Distribution
Percent of People with Each Score
Percentile by Number Answered
Your Score History
You have not taken this quiz